[Event "Utrecht OKU op-B 45th"]
[Site "Utrecht"]
[Date "2018.06.02"]
[Round "3"]
[White "Van der Velde, Geert"]
[Black "Bartels, Vladimir"]
[Result "0-1"]
[WhiteElo "1485"]
[BlackElo "1610"]
[PlyCount "56"]
[EventDate "2018.06.01"]
[EventType "swiss"]
[EventRounds "6"]
[EventCountry "NED"]
[SourceTitle "EXT 2019"]
[Source "ChessBase"]
[SourceDate "2018.10.10"]
[SourceVersion "1"]
[SourceVersionDate "2018.10.10"]
[SourceQuality "1"]

1. e4 e5 2. Nf3 Nc6 3. Nc3 Nf6 4. d4 exd4 5. Nxd4 Nxd4 6. Qxd4 d6 7. Bg5 Be7 8. Bc4 0-0 9. 0-0-0 Nd7 10. Bxe7 Qxe7 11. Nd5 Qd8 12. f4 Re8 13. Rhe1 b6 14. Rd3 Bb7 15. Rg3 g6 16. f5 Ne5 17. fxg6 hxg6 18. Bb3 Bxd5 19. Qxd5 c6 20. Qd1 a5 21. a3 a4 22. Ba2 b5 23. Qh5 d5 24. Rd1 Qf6 25. exd5 Qf4+ 26. Kb1 Qxg3 27. Qh6 Qg4 28. Rd2 Nc4 0-1